Sports Quiz

Random Sports or WWE Quiz

Royal Rumble 1996-1999 Quiz Stats

 Plays Quiz not verified by Sporcle

Score 0/120 Timer 15:00
0 Plays Today
Hint Answer % Correct
1996The Ringmaster
98.6%
1997Steve Austin (WINNER)
98.6%
1998Steve Austin (WINNER)
98.6%
1999Steve Austin
98.6%
1997Fake Diesel
97.6%
1999Kane
97.6%
1997Rocky Maivia
96.2%
1998The Rock
96.2%
1997The Undertaker
95.8%
1997Bret Hart
95.5%
1996Owen Hart
95.1%
1997Owen Hart
95.1%
1998Owen Hart
95.1%
1999Mr. McMahon (WINNER)
95.1%
1999Owen Hart
95.1%
1996Hunter Hearst Helmsley
94.8%
1997Hunter Hearst Helmsley
94.8%
1999Triple H
94.8%
1996Shawn Michaels (WINNER)
93.1%
1996Isaac Yankem, DDS
92.7%
1997Mankind
92.4%
1998Cactus Jack
92.4%
1998Mankind
92.4%
1998Dude Love
92.4%
1999Billy Gunn
92.4%
1997Bart Gunn
91%
1999Edge
90.6%
19961–2–3 Kid
90.3%
1999X-Pac
90.3%
1996The British Bulldog
87.2%
1997The British Bulldog
87.2%
1998D'Lo Brown
86.5%
1999D'Lo Brown
86.5%
1997Faarooq
86.1%
1998Faarooq
86.1%
1999Chyna
85.8%
1996Henry O. Godwinn
84.4%
1996Kama
84.4%
1997Henry O. Godwinn
84.4%
1998Mark Henry
84.4%
Hint Answer % Correct
1998Kama Mustafa
84.4%
1998Henry O. Godwinn
84.4%
1999The Godfather
84.4%
1999Mark Henry
84.4%
1996Diesel
84%
1997Jesse James
84%
1999Road Dogg
84%
1997Fake Razor Ramon
83.7%
1996Vader
83.3%
1997Vader
83.3%
1998Vader
83.3%
1998Ken Shamrock
81.9%
1999Ken Shamrock
81.9%
1997Goldust
80.6%
1998The Artist Formerly Known As Goldust
80.6%
1998Jeff Jarrett
80.6%
1999Goldust
80.6%
1999Big Boss Man
80.6%
1999Jeff Jarrett
80.6%
1998Chainsaw Charlie
79.5%
1997Terry Funk
79.2%
1997Ahmed Johnson
78.8%
1997Phineas I. Godwinn
78.8%
1997Flash Funk
78.8%
1998Phineas I. Godwinn
78.8%
1998Ahmed Johnson
78.8%
1996Dory Funk, Jr.
78.5%
1998Blackjack Bradshaw
77.4%
1997Crush
76.7%
1999Test
76.4%
1996Jerry Lawler
75.7%
1997Jerry Lawler
75.7%
1999Val Venis
75.3%
1998Savio Vega
75%
1996Savio Vega
74.7%
1997Savio Vega
74.7%
1999Gangrel
74%
1996Bob Holly
73.3%
1996King Mabel
72.9%
1999Mabel
72.9%
Hint Answer % Correct
1998Mosh
72.6%
1996Yokozuna
71.2%
19988-Ball
70.1%
1998Thrasher
70.1%
1997Marc Mero
69.8%
1998Marc Mero
69.8%
1999Al Snow
69.8%
1998Chainz
69.4%
1998Steve Blackman
68.8%
1999Steve Blackman
68.8%
1996Fatu
65.6%
1997The Sultan
65.6%
1996Jake Roberts
65.3%
1997Jake Roberts
65.3%
1998Skull
65.3%
1998Kurrgan
61.5%
1999Kurrgan
61.5%
1996Bob Backlund
61.1%
1996Duke Droese
60.8%
1999Golga
59%
1999Droz
56.3%
1999Gillberg
56.3%
1996Marty Jannetty
53.8%
1999Dan Severn
52.8%
1996Tatanka
50.7%
1997Mil Mascaras
50.3%
1998Tom Brandi
49%
1998The Honky Tonk Man
46.2%
1999Tiger Ali Singh
45.5%
1999The Blue Meanie
44.1%
1997Latin Lover
42%
1996Squat Team #1
40.3%
1996Squat Team #2
40.3%
1996Barry Horowitz
40.3%
1997Cibernetico
40.3%
1996Hakushi
38.5%
1996Aldo Montoya
38.2%
1997Pierroth
38.2%
1996Doug Gilbert
37.8%
1996Takao Omori
31.3%

You're not logged in!

Compare scores with friends on all Sporcle quizzes.
OR
Log In

Sporcle TV

Today on Sporcle TV


Watch our educational content, quiz creation guides, and fun videos on Sporcle TV.

Show Comments

Extras

Top Quizzes Today


Score Distribution

Your Account Isn't Verified!

In order to create a playlist on Sporcle, you need to verify the email address you used during registration. Go to your Sporcle Settings to finish the process.

Report this User

Report this user for behavior that violates our Community Guidelines.

Details: